dBASE IV Essentials

Guardado en:
Detalles Bibliográficos
Autor principal: Hursch, Jack L.
Otros Autores: Hursch, Carolyn J.
Formato: Libro
Lenguaje:inglés
Publicado: [S.l.] Windcrest 1988
Etiquetas: Agregar Etiqueta
Sin Etiquetas, Sea el primero en etiquetar este registro!

MARC

LEADER 00000nam a2200000 4500
001 c034606
005 20250526092243.6
041 0 |a eng 
044 |a US 
245 1 0 |a dBASE IV Essentials  |c Jack L. Hursch, Carolyn J. Hursch 
264 1 |a [S.l.]  |b Windcrest  |c 1988 
300 |a 304 s. 
100 1 |a Hursch, Jack L. 
700 1 |a Hursch, Carolyn J.